000
00331nam a22001457a 4500
008
221104b ||||| |||| 00| 0 eng d
020
_a
2901457636928
041
_a
eng
080
_2
THIRD EDITION
_a
572
082
_a
572 SCH
100
_a
44.1
101
_a
ANT
245
_a
A PORTABLE ANTHOLOGY
_c
SCHAKEL P
942
_2
udc
_c
BK
999
_c
58737
_d
58737